• 首页
  • 本馆介绍
  • 公告通知
  • 最新文献
  • 馆藏检索
  • 电子资源
  • 读者导购
  • 参考咨询
  • 我的图书馆
  • 登录
  • 详细信息显示
  • 放入我的书架
  • 预约/预借图书
  • 作者相关作品
  • 分类相关作品
  • 丛书相关作品
  • 出版社相关作品

书目信息

  • 表格格式
  • 工作单格式
  • 卡片格式
题名:
海底沉积物声学特性测量技术与应用
    
 
作者: 刘保华 著
分册:  
出版信息: 北京   科学出版社  2019.10
页数: 184页
开本: 27cm
丛书名:
单 册:
中图分类: P736.21 , P7
科图分类:
主题词: 海洋沉积物--hai yang chen ji wu--声学测量--研究 , 海洋学
电子资源:
ISBN: 978-7-03-062700-1
000 01444nam0 2200289 450
001 2251428587
005 20220916141740.56
010    @a978-7-03-062700-1@b精装@dCNY138.00
100    @a20191119d2019 em y0chiy50 ea
101 0  @achi
102    @aCN@b110000
105    @aa a 000yy
200 1  @a海底沉积物声学特性测量技术与应用@Ahai di chen ji wu sheng xue te xing ce liang ji shu yu ying yong@f刘保华 ... 等著
210    @a北京@c科学出版社@d2019.10
215    @a184页@c图@d27cm
304    @a题名页题其余责任者: 阚光明, 李官保, 于盛齐等
312    @a英文题名取自封面
320    @a有书目 (第174-184页)
330    @a本书是一本综合的海底沉积物声学特性测量技术、海底沉积物声波传播理论研究、地声模型研究的书籍。共分为两篇, 第一篇为海底沉积物地声属性测量技术及应用, 主要介绍海底沉积物声学特性预测理论模型、海底沉积物取样样品测试技术、海底沉积物声学特性原位测量技术、液压式海底沉积声学原位测量系统研制、地声反演技术以及地声属性测量技术应用及典型海域沉积物声学特性研究。第二篇为海底声散射测量技术, 主要介绍海底声散射强度测量方法、海底散射强度测量仪器设备以及海底声散射测量技术应用及黄海海域海底反向声散射特性测量与研究。
510 1  @aSeafloor sediment acoustic measurement techniques and applications@zeng
606 0  @a海洋沉积物@Ahai yang chen ji wu@x声学测量@x研究
606 0  @a海洋学
690    @aP736.21@v5
690    @aP7@v4
701  0 @a刘保华@Aliu bao hua@4著
801  0 @aCN@b人天书店@c20191119
905    @aZUCC@dP7@e43
    
    海底沉积物声学特性测量技术与应用/刘保华 ... 等著.-北京:科学出版社,2019.10
    184页:图;27cm
    
    
    ISBN 978-7-03-062700-1(精装):CNY138.00
    本书是一本综合的海底沉积物声学特性测量技术、海底沉积物声波传播理论研究、地声模型研究的书籍。共分为两篇, 第一篇为海底沉积物地声属性测量技术及应用, 主要介绍海底沉积物声学特性预测理论模型、海底沉积物取样样品测试技术、海底沉积物声学特性原位测量技术、液压式海底沉积声学原位测量系统研制、地声反演技术以及地声属性测量技术应用及典型海域沉积物声学特性研究。第二篇为海底声散射测量技术, 主要介绍海底声散射强度测量方法、海底散射强度测量仪器设备以及海底声散射测量技术应用及黄海海域海底反向声散射特性测量与研究。
●
相关链接 在五车中查询图书 在当当中查询图书 在豆瓣中查询图书


正题名:海底沉积物声学特性测量技术与应用     索取号:P7/43         预约/预借

序号 登录号 条形码 馆藏地/架位号 状态 备注
1 2000894820   2000894820   第三书库/ [索取号:P7/43] 在馆    
2 2000894821   2000894821   第三书库/ [索取号:P7/43] 在馆    
3 2000894822   2000894822   第三书库/ [索取号:P7/43] 在馆    
山东省滨州职业学院图书馆 欢迎您!
大连网信软件有限公司© 版权所有